000 00607nam a2200229Ia 4500
003 OSt
005 20220927112524.0
006 a|||||r|||| 00| 0
007 ta
008 220926b |||||||| |||| 00| 0 eng d
024 _a152960
037 _cReports
040 _aRTL
_cRTL
_beng
041 _2eng
_aeng
082 _aX9(J).2.N56t
110 _a"India, Agricultural Labour (Enquiry-)"
_9383756
245 0 _aReport V5
300 _a74p
_ccm.
700 _a"India, Agricultural Labour (Enquiry-)"
_9383757
942 _hX9(J).2.N56t
_cCC
999 _c700329
_d700329